000 00304nam a22001217a 4500
008 230704b xxu||||| |||| 00| 0 eng d
020 _a9966957480
082 _a342.023
_bYAA 2002
245 _aConstitutional Agenda by Young People
260 _bThe Youth Agenda
_c2002
300 _a42p
942 _2ddc
_cBK
999 _c3648
_d3648